Пособие по русскому языку для студентов азербайджанских групп АзИНХ им. Д. Буниатзаде. Ч. 1 (Запись № 5049171)

Подробности
000 -МАРКЕР
контрольное поле 01118nam2a22002291 4500
001 - ИДЕНТИФИКАТОР ЗАПИСИ
контрольное поле rc\1091780
005 - ИДЕНТИФИКАТОР ВЕРСИИ
контрольное поле 20250622191846.0
035 ## - ДРУГИЕ СИСТЕМНЫЕ НОМЕРА
Идентификатор записи (NLR Aleph) 006376927
100 ## - ДАННЫЕ ОБЩЕЙ ОБРАБОТКИ
Данные общей обработки 20041126d1984 |||y0rusy50 ca
101 0# - ЯЗЫК РЕСУРСА
Язык текста, звукозаписи и т.д. русский
102 ## - СТРАНА ПУБЛИКАЦИИ ИЛИ ПРОИЗВОДСТВА
Страна публикации Российская Федерация
105 ## - ПОЛЕ КОДИРОВАННЫХ ДАННЫХ: ТЕКСТОВЫЕ МАТЕРИАЛЫ, МОНОГРАФИЧЕСКИЕ
Кодированные данные о монографическом текстовом документе y |||||||||
200 0# - ЗАГЛАВИЕ И СВЕДЕНИЯ ОБ ОТВЕТСТВЕННОСТИ
Основное заглавие Ч. 1
210 ## - ПУБЛИКАЦИЯ, РАСПРОСТРАНЕНИЕ И ДР.
Дата издания, распространения и т.д. 1984
Место издания, распространения и т.д. Б. м.
215 ## - ФИЗИЧЕСКАЯ ХАРАКТЕРИСТИКА
Специфическое обозначение материала и объем 104 с.
461 #0 - УРОВЕНЬ НАБОРА
Встроенное поле 001rc\1091779
-- 2001#$aПособие по русскому языку для студентов азербайджанских групп АзИНХ им. Д. Буниатзаде$f[Сост. Абдул-заде Н.Г., Алиева Л.И., Климова А.Н. и др.]$gПод ред. Климовой А.Н.$vЧ. 1
Системный номер (АБИС) связанной записи 5049165
Место публикации Баку
Дата публикации 1984-
Первые сведения об ответственности [Сост. Абдул-заде Н.Г., Алиева Л.И., Климова А.Н. и др.]
Имя издателя, распространителя и т.д. АзИНХ
Заглавие Пособие по русскому языку для студентов азербайджанских групп АзИНХ им. Д. Буниатзаде
Номер тома Ч. 1
801 #0 - ИСТОЧНИК ЗАПИСИ
Страна Российская Федерация
Организация NLR
Правила каталогизации psbo
801 #1 - ИСТОЧНИК ЗАПИСИ
Страна Российская Федерация
Организация ELAR
Источник данных rusmarc
852 ## - МЕСТОНАХОЖДЕНИЕ И ШИФР ХРАНЕНИЯ
Идентификатор организации NLR
Шифр хранения (Call Number) 85-3/1044
942 ## - ДОПОЛНИТЕЛЬНЫЕ ЭЛЕМЕНТЫ ЗАПИСИ (АБИС)
Тип экземпляра АБИС Книга
980 ## - КОЛЛЕКЦИЯ
Название коллекции Национальная библиография
Экземпляры
Тип экземпляра Дата поступления Библиотека постоянного хранения Библиотека текущего хранения Место хранения Шифр хранения Штрих-код Статус экземпляра
Книга 26.10.2013 РНБ (Московский) РНБ (Московский) Русский книжный фонд: издания с 1957 года 85-3/1044 6376927-10